000 00503pab a2200169 454500
008 180718b1999 xxu||||| |||| 00| 0 eng d
100 _aAnand, V.K.
245 _aInformal sector and its role in employment creation in developing countries
260 _c1999
300 _ap.423-37
362 _aDec
650 _aInformal sector - Developing countries
650 _aEmployment creation - Developing countries
650 _aEmployment creation
773 _aAsian Economic Review
909 _a43748
999 _c43748
_d43748